000
00309nam a22001337a 4500
008
170523b xxu||||| |||| 00| 0 eng d
020
_a
9780073380377
041
_a
eng
080
_a
681.2
100
_a
26
101
_a
IM
245
_a
FUNDAMENTALS OF ELECTRICAL ENGINEERING
_c
RIZZONI,G
942
_2
udc
_c
BK
999
_c
13925
_d
13925